[Event "It (open) (juniors) (under 14)"]
[Site "masterchessopen.com Hengelo (Netherlands)"]
[Date "2007.08.06"]
[Round "1"]
[White "Hachijan Armen (NED)"]
[Black "Baisakow Christine"]
[Result "1-0"]
[WhiteElo "2188"]
[BlackElo "1270"]

1.e4 c5 2.Nf3 Nc6 3.d4 cxd4 4.Nxd4 g6 5.c4 Bg7 6.Nc2 Nf6 7.Nc3 e6 8.Be2 b6
9.O-O Bb7 10.Nb5 d5 11.cxd5 exd5 12.exd5 Nxd5 13.Qxd5 O-O 14.Qxd8 Raxd8 15.Nc3
Rfe8 16.Be3 f5 17.Rad1 Rxd1 18.Rxd1 Na5 19.Bb5 Rc8 20.Bd4 Bh6 21.Bd7 Rb8
22.Be5 Ra8 23.Be6+ Kf8 24.Rd7 Bc8 25.Bd6+ Ke8 26.Re7+ Kd8 27.Nd4 Bg5 28.Rxh7
Bf6 29.Bc7+ Ke8 30.Bf7+ Kf8 31.Bd6+ Be7 32.Bxe7+ Kxe7 33.Bd5+ {#r} 1-0

[Event "It (b)"]
[Site "masterchessopen.com Dubna (Russia)"]
[Date "2007.08.08"]
[Round "11"]
[White "Ozolin Maxim (RUS)"]
[Black "Neverov Ivan (RUS)"]
[Result "1-0"]
[WhiteElo "2387"]
[BlackElo "2125"]

1.e4 c5 2.Nf3 Nc6 3.d4 cxd4 4.Nxd4 g6 5.c4 Bg7 6.Nc2 Nf6 7.Nc3 d6 8.Be2 Be6
9.O-O O-O 10.Bg5 Ne5 11.Ne3 Rc8 12.b3 Qd7 13.Rc1 Neg4 14.Ned5 Bxd5 15.Nxd5 Ne5
16.f4 Nc6 17.Bxf6 exf6 18.Bg4 f5 19.exf5 gxf5 20.Bh3 Rce8 21.Qd3 Nd4 22.Rce1
Qd8 23.Bxf5 Qh4 24.g3 Qh5 25.Be4 f5 26.Bg2 Re2 27.Rxe2 Nxe2+ 28.Kh1 Re8 29.Bf3
Nxg3+ 30.Kg2 Re2+ 31.Qxe2 {#r} 1-0

[Event "It (open) (juniors) (under 20)"]
[Site "masterchessopen.com Hengelo (Netherlands)"]
[Date "2007.08.08"]
[Round "5"]
[White "Ootes Lennart (NED)"]
[Black "Van Kampen Robin (NED)"]
[Result "0-1"]
[WhiteElo "2032"]
[BlackElo "2033"]

1.e4 c5 2.Nf3 Nc6 3.d4 cxd4 4.Nxd4 g6 5.c4 Bg7 6.Nc2 d6 7.Nc3 Nf6 8.Be2 O-O
9.O-O a6 10.Bd2 Bd7 11.Kh1 Qb8 12.f3 Rc8 13.Be3 Na5 14.Na3 Be6 15.Qa4 Nxc4
16.Bxc4 Bxc4 17.Nxc4 b5 18.Qd1 Rxc4 {#R} 0-1

[Event "It (open)"]
[Site "masterchessopen.com Callao (Peru)"]
[Date "2007.08.11"]
[Round "4"]
[White "Barrientos Sergio (COL)"]
[Black "Alonso Salvador (ARG)"]
[Result "1-0"]
[WhiteElo "2405"]
[BlackElo "2403"]

1.e4 c5 2.Nf3 Nc6 3.d4 cxd4 4.Nxd4 g6 5.c4 Bg7 6.Nc2 Nf6 7.Nc3 O-O 8.Be2 d6
9.O-O Nd7 10.Bd2 a5 11.Na3 Nc5 12.Nab5 Nd4 13.Nxd4 Bxd4 14.Bh6 Bg7 15.Bxg7
Kxg7 16.Qd4+ e5 17.Qd2 Ra6 18.Rad1 Bd7 19.Kh1 Re8 20.f4 Bc6 21.f5 f6 22.fxg6
hxg6 23.Qxd6 Qxd6 24.Rxd6 Rf8 25.Rfd1 Bxe4 26.Rd7+ Nxd7 27.Rxd7+ Rf7 28.Rxf7+
Kxf7 29.Nxe4 Rb6 30.b3 a4 31.c5 Rb4 32.Bc4+ Kg7 33.Nc3 axb3 34.axb3 {#r} 1-0

[Event "It (open)"]
[Site "masterchessopen.com Nikea (Greece)"]
[Date "2007.08.23"]
[Round "1"]
[White "Aggeli Eleni (GRE)"]
[Black "Balaskas Panayotis (GRE)"]
[Result "0-1"]
[WhiteElo "1865"]
[BlackElo "2133"]

1.e4 c5 2.Nf3 g6 3.d4 cxd4 4.Nxd4 Bg7 5.c4 Nc6 6.Nc2 d6 7.Nc3 Bxc3+ 8.bxc3 Nf6
9.f3 Qa5 10.Bd2 g5 11.Be2 g4 12.Ne3 gxf3 13.gxf3 Qh5 14.h4 Rg8 15.Nd5 Be6
16.Nc7+ Kd7 17.Nxa8 Rxa8 18.Qb3 b6 19.O-O-O Qa5 20.Kc2 a6 21.Be3 Kc7 22.a4 Rb8
23.Ra1 Nd7 24.f4 Nc5 25.Bxc5 Qxc5 26.f5 Qf2 27.Kd1 Na5 28.Qb4 Nc6 29.Qb3 Na5
30.Qb4 Bd7 31.Bd3 Rg8 32.Rb1 Rg2 33.Rb2 Qxb2 34.Qxb2 Rxb2 35.Kc1 Ra2 36.Bc2
Bxa4 {#R} 0-1

[Event "It (open)"]
[Site "masterchessopen.com Tarragona (Spain)"]
[Date "2007.08.23"]
[Round "6"]
[White "Djingarova Emilia (BUL)"]
[Black "Gladyszev Oleg (RUS)"]
[Result "0-1"]
[WhiteElo "2296"]
[BlackElo "2472"]

1.Nf3 c5 2.c4 Nc6 3.d4 cxd4 4.Nxd4 g6 5.e4 Bg7 6.Nc2 Nh6 7.Be2 f5 8.Nc3 O-O
9.Bg5 fxe4 10.Qd5+ Nf7 11.Be3 e6 12.Qxe4 d5 13.cxd5 exd5 14.Qa4 d4 15.Rd1 Bd7
16.O-O Qc8 17.Nd5 dxe3 18.Ncxe3 Kh8 19.Qh4 Nh6 20.g4 Be6 21.Rd2 Bxd5 22.Nxd5
Qd8 23.Qh3 Nd4 24.Qg2 Nxe2+ 25.Rxe2 Nxg4 26.Rfe1 Nh6 27.Re7 Nf5 28.Rxg7 Nxg7
{#R} 0-1

[Event "Ch Serbia (team) (juniors)"]
[Site "masterchessopen.com Murska Sobota (Serbia)"]
[Date "2007.08.27"]
[Round "4"]
[White "Vombek Sara (SLO)"]
[Black "Hozjan Erik (SLO)"]
[Result "1-0"]
[WhiteElo "1859"]
[BlackElo "1735"]

1.e4 c5 2.Nf3 Nc6 3.d4 cxd4 4.Nxd4 g6 5.c4 Bg7 6.Nc2 Nf6 7.Nc3 O-O 8.Be2 d6
9.O-O Be6 10.Kh1 Qc7 11.Rb1 Ne5 12.b3 Nfd7 13.Nb5 Qc8 14.f4 f5 15.fxe5 Nxe5
16.Ncd4 fxe4 17.Nxe6 Qxe6 18.Nc7 Qc8 19.Nxa8 Qxa8 20.Qd5+ Kh8 21.Qxe4 Qc8
22.Be3 Nc6 23.Rxf8+ Qxf8 24.Rf1 Qc8 25.Bg4 Qd8 26.Be6 Qa5 27.Bd5 Ne5 28.Bd4
Qxa2 29.Bxe5 dxe5 30.Qg4 Qa5 31.Qc8+ Qd8 32.Qxd8+ Bf8 33.Qxf8# 1-0

[Event "It (open)"]
[Site "masterchessopen.com Portoroz (Slovenia)"]
[Date "2007.09.29"]
[Round "3"]
[White "Logar Metod (SLO)"]
[Black "Rebernik Bostjan (SLO)"]
[Result "0-1"]
[WhiteElo "2024"]
[BlackElo "2083"]

1.e4 c5 2.Nf3 Nc6 3.d4 cxd4 4.Nxd4 g6 5.c4 Bg7 6.Nc2 d6 7.Be2 Nh6 8.O-O f5
9.Nc3 O-O 10.f3 fxe4 11.Nxe4 Nf5 12.g4 Nfd4 13.Nxd4 Qb6 14.c5 Bxd4+ 15.Qxd4
Nxd4 16.Bc4+ d5 17.cxb6 dxc4 18.Bh6 Rxf3 19.Ng5 Rxf1+ 20.Rxf1 Bxg4 21.Rf7 Nf5
22.bxa7 Nxh6 23.Rxe7 Rxa7 24.Nxh7 Bf3 25.a3 c3 26.bxc3 Rxa3 27.Nf6+ Kf8 28.Rh7
Nf5 29.Rc7 Ra2 30.Nd7+ Ke7 {#R} 0-1

[Event "Tournament (weekend)"]
[Site "masterchessopen.com Firenze (Italy)"]
[Date "2007.10.28"]
[Round "5"]
[White "Garofalo Simone (ITA)"]
[Black "Cassai Mario (ITA)"]
[Result "0-1"]
[WhiteElo "2022"]
[BlackElo "1925"]

1.e4 c5 2.Nf3 g6 3.d4 cxd4 4.Nxd4 Bg7 5.c4 Nc6 6.Nc2 Nf6 7.Nc3 d6 8.Be2 O-O
9.O-O Bd7 10.Bd2 Rc8 11.Rc1 Ne5 12.b3 Bc6 13.f3 a5 14.Kh1 Ned7 15.Qe1 e6
16.Qh4 d5 17.exd5 exd5 18.cxd5 Bxd5 19.Nxd5 Nxd5 20.Qxd8 Rfxd8 21.Bxa5 b6
22.Bd2 Bb2 23.Bc4 Bxc1 24.Bxc1 N7f6 25.a4 Re8 26.Kg1 Nc3 27.Kf2 Rxc4 {#R} 0-1

[Event "Ch Poland (juniors) (under 20) (g) (1/2 final)"]
[Site "masterchessopen.com Chotowa (Poland)"]
[Date "2007.11.03"]
[Round "1"]
[White "Ostrowska Dominika (POL)"]
[Black "Kasperek Joanna (POL)"]
[Result "1-0"]
[WhiteElo "1836"]
[BlackElo "2074"]

1.e4 c5 2.Nf3 Nc6 3.d4 cxd4 4.Nxd4 g6 5.c4 Bg7 6.Nc2 d6 7.Be2 Nf6 8.Nc3 O-O
9.O-O Be6 10.Be3 Rc8 11.Rb1 a6 12.f3 Ne5 13.b3 Qa5 14.Bd2 Qc7 15.Ne3 Ned7
16.f4 Nc5 17.Bf3 Bd7 18.Ned5 Nxd5 19.Nxd5 Qd8 20.b4 Ne6 21.Rc1 b5 22.Be3 f5
23.exf5 gxf5 24.Nb6 Rc7 25.Bd5 Kh8 26.Re1 Rf6 27.Nxd7 Qxd7 28.cxb5 axb5 29.Qd3
Rf8 30.Bxe6 Rxc1 31.Bxc1 Qc7 32.Be3 Rf6 33.Bd4 Rg6 34.Bxg7+ Rxg7 35.Qxf5 Qb8
36.Rc1 {#r} 1-0

[Event "Tournament (juniors) (under 18)"]
[Site "masterchessopen.com Vladivostok (Russia)"]
[Date "2007.11.10"]
[Round "8"]
[White "Kharitonov Egor (RUS)"]
[Black "Solovchuk Mikhail (RUS)"]
[Result "1-0"]
[WhiteElo "2336"]
[BlackElo "2168"]

1.c4 c5 2.Nf3 Nc6 3.d4 cxd4 4.Nxd4 g6 5.e4 Bg7 6.Nc2 Nf6 7.Nc3 d6 8.Be2 O-O
9.O-O a6 10.Be3 Qc7 11.Rc1 e6 12.f3 b6 13.Qd2 Rd8 14.Rfd1 Ne5 15.b3 Bf8 16.Bf1
Bb7 17.Nd4 Ned7 18.Qf2 Nc5 19.b4 Ncd7 20.Nb3 Rdb8 21.a4 Bc8 22.Na2 Be7 23.a5
bxa5 24.Nxa5 Bb7 25.Nc3 Bc8 26.Rb1 Ne5 27.Rdc1 Bd7 28.h3 Be8 29.Be2 Bd8 30.f4
Nc6 31.Nxc6 Bxc6 32.Bf3 Qb7 33.Qc2 Bb6 34.c5 Ba7 35.Qd3 dxc5 36.bxc5 Qc8 {#r}
1-0

[Event "Ch Region (open)"]
[Site "masterchessopen.com Gdansk (Poland)"]
[Date "2007.11.19"]
[Round "7"]
[White "Krzywkowski Marcin (POL)"]
[Black "Szczepaniec Stanislaw (POL)"]
[Result "1-0"]
[WhiteElo "1874"]
[BlackElo "2133"]

1.e4 c5 2.Nf3 Nc6 3.d4 cxd4 4.Nxd4 g6 5.c4 Bg7 6.Nc2 d6 7.Be2 Be6 8.O-O Rc8
9.Nca3 a6 10.Kh1 Qd7 11.f4 Na5 12.Nd2 Qc6 13.Rb1 Qd7 14.f5 gxf5 15.exf5 Bxf5
16.Rxf5 Qxf5 17.Bg4 Qd3 18.Bxc8 Nf6 19.b4 Nc6 20.Qf3 Qg6 21.Bf5 Qg5 22.Ne4 Qh4
23.g3 Nd4 24.Qg2 {#r} 1-0

[Event "It (cat.8)"]
[Site "masterchessopen.com Budapest (Hungary)"]
[Date "2007.12.07"]
[Round "7"]
[White "Zhao Jun (CHN)"]
[Black "Kosanovic Goran A (SRB)"]
[Result "1-0"]
[WhiteElo "2552"]
[BlackElo "2400"]

{ } 1.e4 c5 2.Nf3 Nc6 3.d4 cxd4 4.Nxd4 g6 5.c4 Bg7 6.Nc2 Nf6 7.Nc3 O-O 8.Be2 {
? } 8...b6 ( 8...d6 9.O-O Nd7 10.Bd2 Nc5 11.b4 Ne6 12.Rc1 b6 13.Nd5 Bb7 14.Be3
Rc8 15.Qd2 Qd7 16.f4 Nc7 17.f5 Nxd5 18.exd5 Ne5 19.Nd4 Qa4 20.Bd1 Qa3 21.Be2
Qa4 22.a3 Ba6 23.b5 Bb7 24.Qb4 Qxb4 25.axb4 Rc7 26.Nc6 Bc8 27.fxg6 hxg6 28.h3
{ ...1-0, Svidler Peter 2732 - Iturrizaga Eduardo 2435 , Khanty Mansyisk
25.11.2007 Cup World } ) 9.O-O ( 9.Bg5 Bb7 10.O-O Rc8 11.Ne3 Nd4 12.Ned5 Nxe2+
13.Qxe2 e6 14.Nxf6+ Bxf6 15.Bxf6 Qxf6 16.Rfd1 Rfd8 17.Nb5 Qe5 18.Nd6 Rc7
19.Qd2 a5 20.f4 Qc5+ 21.Kh1 f6 22.Rac1 Rf8 23.b3 Bc6 24.Rc3 Ra7 25.Rg3 Kg7
26.Qb2 Raa8 27.a3 Kg8 28.e5 b5 { ...1-0, Agdestein Simen 2589 - Bellon Lopez
Juan Manuel 2425 , Catalan Bay 2003 It (open) "Gibraltar Masters" } ) 9...Bb7
10.f3 ( 10.Re1 Rc8 11.Bf1 d6 12.Bg5 h6 13.Bh4 Ne5 14.b3 g5 15.Bg3 Ng6 16.Nd4
Qd7 17.Rc1 Rfd8 18.Nd5 e6 19.Nxf6+ Bxf6 20.Nb5 Be5 21.Nxa7 Ra8 22.Nb5 Rxa2
23.Nc3 Raa8 24.Bxe5 dxe5 25.Qxd7 Rxd7 26.Na4 Rd6 27.Red1 Rad8 28.Rxd6 Rxd6
29.f3 g4 { ...1-0, Zeller Frank 2453 - Krockenberger Martin 2274 , Germany
2001 Bundesliga (2nd) South 2000/01 } ) 10...d6 ( 10...Rc8 11.b3 Re8 12.Ba3 d6
13.Qd2 Rc7 14.Rac1 Rd7 15.Rfd1 e6 16.Bf1 Ne5 17.Ne3 Bh6 18.Qf2 d5 19.f4 d4
20.Qh4 Nh5 21.Qxd8 Rexd8 22.Ne2 dxe3 23.Rxd7 Nxd7 24.Rd1 Bf8 25.Bb2 Be7 26.e5
Nc5 27.Rxd8+ Bxd8 28.Bd4 Ng7 29.Bxe3 Nf5 30.Bc1 { ...0-1, Sebih Kamel 2299 -
Damaso Rui 2450 , Manila 1992 Olympiad } ) 11.Be3 ( 11.Bg5 Rc8 12.Qd2 Qd7
13.Rac1 Rfd8 14.Ne3 Qe8 15.Rfd1 h6 16.Bh4 Kh7 17.Kh1 Qh8 18.b3 Re8 19.f4 Red8
20.Bf3 Qe8 21.Ncd5 Nd4 22.Nxf6+ Bxf6 23.Bg4 Ne6 24.Bxf6 exf6 25.f5 Nc5
26.fxg6+ fxg6 27.Bxc8 Nxe4 28.Qe1 Rxc8 29.Nd5 Kg7 30.Nc3 Qe5 { ...1-0, Bui
Vinh 2485 - Meenakshi S 2325 , Singapore 27.12.2006 It (open) } ) 11...Rc8 (
11...Re8 12.Nd4 { +0.07 CAP } ) 12.Qd2 ( 12.Nd4 Nxd4 13.Bxd4 e6 14.Re1 { +0.44
CAP } ) 12...Na5 ( 12...Ne8 13.Rad1 e6 14.b4 Qe7 15.Rfe1 f5 16.exf5 gxf5
17.Nb5 Rd8 18.Ncd4 Nxd4 19.Nxd4 Nc7 20.Bd3 f4 21.Bf2 Qg5 22.Be4 d5 23.cxd5
exd5 24.Bxh7+ Kxh7 25.Qc2+ Kg8 26.Qxc7 Rf7 27.Qc2 Rc8 28.Qd3 Be5 29.Ne6 Qf5
30.Rxe5 Qxe5 31.Qg6+ Rg7 32.Nxg7 { ...1-0, Udovcic Mijo 2460 - Puc Stojan 2255
, Sombor 1957 Ch Yugoslavia } ) ( 12...Kh8 13.Nd4 { +0.07 CAP } ) 13.b3 {
+0.80 CAP } ( 13.Na3 Re8 14.Rfd1 Qc7 15.Rac1 Qb8 16.Bf1 Nd7 17.b3 Nc6 18.Nd5
Nde5 19.Bg5 f6 20.Be3 Nf7 21.Nc2 e6 22.Nc3 Rcd8 23.Bf4 f5 24.Re1 e5 25.Be3 f4
26.Bf2 Ne7 27.Nb4 g5 28.Nbd5 Ng6 29.b4 h5 30.c5 dxc5 31.bxc5 g4 32.cxb6 axb6 {
...0-1, Donchenko Anatoly G 2457 - Elgabry Mohsen 2302 , Cairo 2000 It (open)
"Golden Cleopatra" } ) 13...Qc7 { N } ( 13...Nd7 14.Bh6 Bxh6 15.Qxh6 Ba6
16.Qd2 Nf6 17.Rfe1 Qc7 18.Rac1 Rfd8 19.Nd5 Nxd5 20.exd5 Nb7 21.Nd4 Nc5 22.Bf1
Re8 23.b4 Nd7 24.Nc6 Nf6 25.Qg5 Kg7 26.f4 Qd7 27.f5 b5 28.fxg6 h6 29.Qg3 Bb7
30.Bd3 Nh5 31.Qf3 e6 32.Qxh5 bxc4 33.gxf7 { ...1-0, Krejci Jan 2131 - Zeleny
Tomas 2244 , Czech Republic 2000 Ch Czech Republic (juniors) (under 14) } )
14.Rac1 Qb8 15.Rfd1 Rfd8 16.Nd5 Nxd5 17.exd5 e6 18.dxe6 fxe6 19.Nd4 Bxd4
20.Bxd4 Qc7 21.Qg5 Qf7 22.Qg3 Qe7 23.h4 Nc6 24.h5 d5 { ? } ( { ? } 24...Nxd4
25.Rxd4 g5 26.h6 Qf6 27.Rxd6 Rxd6 28.Qxd6 Qxh6 29.Qe5 Rf8 30.Rd1 { } ) 25.Be3
d4 26.Bg5 { } {#r} 1-0

[Event "It (open)"]
[Site "masterchessopen.com Sevilla (Spain)"]
[Date "2008.01.11"]
[Round "8"]
[White "Ferrer Garcia Isaac (ESP)"]
[Black "Barria Daniel (CHI)"]
[Result "0-1"]
[WhiteElo "2173"]
[BlackElo "2443"]

1.e4 c5 2.Nf3 Nc6 3.d4 cxd4 4.Nxd4 g6 5.c4 Bg7 6.Nc2 Nf6 7.Nc3 O-O 8.Be2 d6
9.O-O Nd7 10.Be3 Nc5 11.f3 Bxc3 12.bxc3 Qa5 13.Qd2 Na4 14.Nb4 Nxc3 15.Qxc3
Qxb4 16.Qc2 Qa3 17.Qd2 Qa5 18.Qxa5 Nxa5 19.c5 Be6 20.cxd6 exd6 21.Rfd1 Bc4
22.Kf2 f5 23.exf5 Rxf5 24.Rxd6 Re8 25.Bxc4+ Nxc4 26.Rd3 Rb5 27.Bd4 Rd8 28.Rad1
Ra5 29.Ra1 Rad5 {#R} 0-1

[Event "It (open) (b)"]
[Site "masterchessopen.com Moscow (Russia)"]
[Date "2008.02.04"]
[Round "3"]
[White "Yuganova Marina (RUS)"]
[Black "Ishin Igor (RUS)"]
[Result "1-0"]
[WhiteElo "2000"]
[BlackElo "1747"]

1.c4 c5 2.Nf3 g6 3.d4 cxd4 4.Nxd4 Bg7 5.e4 Nc6 6.Nc2 Nf6 7.Nc3 O-O 8.Be3 Qa5
9.f3 d6 10.Be2 Ne8 11.Nd4 f5 12.O-O f4 13.Bf2 Qg5 14.Re1 Bh3 15.Bf1 Bxd4
16.Bxd4 h5 17.Bf2 Be6 18.h4 Qh6 19.Nd5 g5 20.Qd2 Rc8 21.Bd3 Bxd5 22.exd5 Ne5
23.Rxe5 dxe5 24.Re1 g4 25.Rxe5 Ng7 26.Rg5 g3 27.Bd4 Rf7 28.Rg6 Qh8 29.Qe2 Kf8
30.Bf5 Rxf5 31.Bxg7+ Qxg7 32.Rxg7 Kxg7 33.Qxe7+ Kh8 34.b3 b5 35.c5 Rcf8 36.d6
{#r} 1-0

[Event "Ch Slovakia (team) 2007/08 (1 liga) West"]
[Site "masterchessopen.com Slovakia"]
[Date "2008.02.09"]
[Round "8"]
[White "Janos Ivan (SVK)"]
[Black "Machalova Maria (SVK)"]
[Result "0-1"]
[WhiteElo "2159"]
[BlackElo "2187"]

1.e4 c5 2.Nf3 Nc6 3.d4 cxd4 4.Nxd4 g6 5.c4 Bg7 6.Nc2 Nf6 7.Nc3 O-O 8.Be2 d6
9.O-O a5 10.Bg5 Be6 11.f4 Ne8 12.f5 Bd7 13.Nd5 f6 14.Be3 e6 15.fxg6 hxg6
16.Nb6 Rb8 17.c5 Bc8 18.Qe1 dxc5 19.Bxc5 Rf7 20.Rd1 Qc7 21.Qf2 Ne5 22.Na3 Bd7
23.Nb5 Bxb5 24.Bd4 Bxe2 25.Qxe2 Rd8 26.Rc1 Nc6 27.Be3 Qe5 28.Qg4 f5 29.Qxg6
Qxe4 30.Rce1 Ne5 31.Qg5 Nf6 32.h3 Nd3 33.Rd1 Rd6 34.Qg3 e5 35.Bc5 f4 36.Qg5
Rc6 37.Rf3 Nxc5 38.Rd8+ Rf8 39.Nd7 Ncxd7 {#R} 0-1

[Event "Extraliga 2007/08"]
[Site "masterchessopen.com Slovakia"]
[Date "2008.04.10"]
[Round "11"]
[White "Berezjuk Sergej (CZE)"]
[Black "Veselsky Jozef (SVK)"]
[Result "1-0"]
[WhiteElo "2436"]
[BlackElo "2148"]

1.e4 c5 2.Nf3 Nc6 3.d4 cxd4 4.Nxd4 g6 5.c4 Bg7 6.Nc2 Nf6 7.Nc3 d6 8.Be2 O-O
9.O-O Bd7 10.Bg5 Be6 11.Qd2 Re8 12.Kh1 Rc8 13.Rad1 Nd7 14.Bh6 Nde5 15.Bxg7
Kxg7 16.Ne3 f6 17.f4 Nf7 18.Ned5 Qd7 19.Rde1 Nh6 20.Bd1 Rf8 21.Re3 f5 22.Rfe1
Rf7 23.Ba4 Ng8 24.e5 dxe5 25.Rxe5 Bxd5 26.Rxd5 Qe8 27.Nb5 Qf8 28.Rd7 Nf6
29.Nc7 Kh8 30.Ne6 Qg8 31.Bxc6 bxc6 32.Rxa7 h6 33.Qc3 Kh7 34.Ng5+ hxg5 35.Rexe7
Rd8 36.Rxf7+ Kh6 37.fxg5+ {#r} 1-0

[Event "Ch Europe"]
[Site "masterchessopen.com Plovdiv (Bulgaria)"]
[Date "2008.04.26"]
[Round "6"]
[White "Rasmussen Karsten (DEN)"]
[Black "Koepke Christian (GER)"]
[Result "1-0"]
[WhiteElo "2466"]
[BlackElo "2356"]

1.c4 c5 2.Nf3 g6 3.d4 cxd4 4.Nxd4 Bg7 5.e4 Nc6 6.Nc2 Nf6 7.Nc3 d6 8.Be2 Nd7
9.Bd2 O-O 10.O-O a5 11.Na3 Nc5 12.Nab5 Nd4 13.Nxd4 Bxd4 14.Bh6 Bxc3 15.bxc3
Re8 16.Qd4 e5 17.Qe3 Qe7 18.f4 f6 19.f5 Bd7 20.fxg6 hxg6 21.Qg3 Qf7 22.Rad1
Nxe4 23.Qh4 f5 24.Bf3 Bc6 25.Bxe4 Bxe4 26.Rxd6 Re6 27.Rfd1 Rae8 28.c5 Bc6
29.Bg5 Kg7 30.Qf2 f4 31.R1d3 f3 32.gxf3 e4 33.Rxe6 Rxe6 34.Rd8 Qxf3 35.Qd4+
Kf7 36.Rd7+ Bxd7 37.Qxd7+ Kf8 38.Bh6+ {#r} 1-0

[Event "Ch Chigorin Chess Club"]
[Site "masterchessopen.com St. Petersburg (Russia)"]
[Date "2008.05.15"]
[Round "3"]
[White "Yudin Maksim (RUS)"]
[Black "Sichinava Zviad (RUS)"]
[Result "0-1"]
[WhiteElo "2100"]
[BlackElo "2175"]

1.e4 c5 2.Nf3 Nc6 3.d4 cxd4 4.Nxd4 g6 5.c4 Bg7 6.Nc2 d6 7.Be2 Be6 8.Nd2 Nf6
9.O-O O-O 10.Rb1 Nd7 11.Ne3 f5 12.exf5 gxf5 13.f4 Nc5 14.Rf3 Nd4 15.Rg3 Kh8
16.b4 Na4 17.Nc2 Qd7 18.Bf1 Bf6 19.Nb3 Nxc2 20.Qxc2 Rg8 21.Re3 Rac8 22.Kh1 b5
23.c5 Bd5 24.Ba3 Be4 25.Rxe4 fxe4 26.Qxe4 Nc3 {#R} 0-1

[Event "Memorial Karl Mala (open)"]
[Site "masterchessopen.com Frankfurt (Germany)"]
[Date "2008.06.27"]
[Round "3"]
[White "Grabarczyk Bogdan (POL)"]
[Black "Leimeister Erhard (GER)"]
[Result "1-0"]
[WhiteElo "2458"]
[BlackElo "2197"]

1.e4 c5 2.Nf3 Nc6 3.d4 cxd4 4.Nxd4 g6 5.c4 Bg7 6.Nc2 Nf6 7.Nc3 d6 8.Be2 O-O
9.O-O Nd7 10.Bd2 a5 11.Qc1 Re8 12.Bh6 Bh8 13.Qd2 Nc5 14.Kh1 a4 15.Rab1 Qa5
16.f3 Be6 17.Rfc1 Bg7 18.Bxg7 Kxg7 19.Ne3 f6 20.f4 Bf7 21.Rf1 Rad8 22.Rf3 Be6
23.Rg3 Bc8 24.h4 e5 25.f5 b5 26.Ng4 {#r} 1-0

[Event "It (open)"]
[Site "masterchessopen.com La Fere (France)"]
[Date "2008.07.05"]
[Round "1"]
[White "Haast Mark (NED)"]
[Black "Goldsztejn Gildas (FRA)"]
[Result "0-1"]
[WhiteElo "2114"]
[BlackElo "2415"]

1.e4 c5 2.Nf3 Nc6 3.d4 cxd4 4.Nxd4 g6 5.c4 Bg7 6.Nc2 Nf6 7.Nc3 O-O 8.Be2 d6
9.O-O a6 10.Bd2 Be6 11.Rc1 Rc8 12.Kh1 Nd7 13.f4 f5 14.exf5 Bxf5 15.b3 Nc5
16.Nd5 Nd3 17.Bxd3 Bxd3 18.Re1 e5 19.Be3 Bf5 20.Qd2 Qh4 21.Ncb4 Nxb4 22.Qxb4
Rce8 23.Qxd6 Re6 24.Qb4 h5 25.Bc5 Rf7 26.Bd6 a5 27.Qc5 exf4 28.Rf1 f3 29.Rxf3
Bd4 30.Qc8+ Kg7 31.Bg3 Qe4 32.Rcf1 Re8 33.Rxf5 gxf5 {#R} 0-1

[Event "It (open)"]
[Site "masterchessopen.com Kavala (Greece)"]
[Round "1"]
[White "Perunovic Milos (SRB)"]
[Black "Goumas Georgios (GRE)"]
[Result "1-0"]
[WhiteElo "2580"]
[BlackElo "2306"]

1.e4 c5 2.Nf3 g6 3.d4 cxd4 4.Nxd4 Nc6 5.c4 Bg7 6.Nc2 d6 7.Be2 Nf6 8.Nc3 O-O
9.O-O Nd7 10.Bd2 Nc5 11.b4 Bxc3 12.Bxc3 Nxe4 13.Bb2 e5 14.Bd3 Ng5 15.b5 e4
16.Bxe4 Nxe4 17.bxc6 Qb6 18.Rb1 bxc6 19.Bg7 Qc5 20.Bxf8 Kxf8 21.Rb3 Be6 22.Re3
Nf6 23.Qa1 Kg7 24.Rfe1 Qxc4 25.Nd4 Re8 26.h3 Qd5 27.Rf3 Qg5 28.Nf5+ Bxf5
29.Rxe8 Be6 30.Rxf6 {#r} 1-0

[Event "Memorial M.Piasty (open)"]
[Site "masterchessopen.com Tarnowskie Gory (Poland)"]
[Date "2008.08.02"]
[Round "10"]
[White "Sztwiertnia Krzysztof (POL)"]
[Black "Janiszewski Maciej (POL)"]
[Result "0-1"]
[WhiteElo "2021"]
[BlackElo "2099"]

1.e4 c5 2.Nf3 g6 3.d4 Bg7 4.c4 cxd4 5.Nxd4 Nc6 6.Nc2 Nf6 7.Nc3 O-O 8.Be2 d6
9.O-O Ne5 10.Bd2 Be6 11.b3 Rc8 12.f3 a6 13.Kh1 Qd7 14.Qe1 h5 15.Rd1 Rc7 16.Be3
Rfc8 17.Na4 Bxc4 18.Nb6 Bxe2 19.Nxd7 Rxc2 20.Nxe5 dxe5 21.Rf2 Bxd1 22.Qxd1
Rxf2 23.Bxf2 Bh6 24.Qe2 Rc1+ 25.Bg1 h4 26.g3 h3 27.f4 exf4 28.Qd2 fxg3 29.Qd8+
Kh7 30.hxg3 Ng4 31.Qxe7 h2 {#R} 0-1

[Event "It (open)"]
[Site "masterchessopen.com Ostroda (Poland)"]
[Date "2008.08.10"]
[Round "9"]
[White "Musialkiewicz Jan (POL)"]
[Black "Szczepaniec Stanislaw (POL)"]
[Result "0-1"]
[WhiteElo "2117"]
[BlackElo "2119"]

1.e4 c5 2.Nf3 Nc6 3.d4 cxd4 4.Nxd4 g6 5.c4 Bg7 6.Nc2 d6 7.Be2 Be6 8.O-O Rc8
9.Nba3 Nf6 10.f3 O-O 11.Rb1 a6 12.Ne3 Qb6 13.Nc2 Na5 14.Kh1 Nxc4 15.Nxc4 Bxc4
16.Be3 Bxe2 17.Qxe2 Rxc2 18.Qxc2 Qxe3 19.Qc7 Nh5 20.Qxe7 Be5 21.Qh4 Rc8 22.Qf2
Qd3 23.Rfd1 Qc4 24.Qb6 Rc5 25.Qxb7 Qe2 26.Re1 Qf2 27.Qb8+ Kg7 28.Qd8 Ng3+
29.hxg3 Qxg3 30.f4 Bxf4 31.Kg1 Rc2 {#R} 0-1

[Event "It (open) \"]
[Site "masterchessopen.com Coulsdon (England)"]
[Date "2008.08.18"]
[Round "3"]
[White "Griffiths Ryan Rhys (IRL)"]
[Black "Storey Charles (ENG)"]
[Result "0-1"]
[WhiteElo "2107"]
[BlackElo "2265"]

1.e4 c5 2.Nf3 g6 3.d4 cxd4 4.Nxd4 Bg7 5.c4 Nc6 6.Nc2 b6 7.Be2 Bb7 8.O-O d6
9.f3 Rc8 10.Nc3 Bxc3 11.bxc3 Na5 12.Na3 Ba6 13.Nb5 Bxb5 14.cxb5 Qc7 15.c4 Nf6
16.Bh6 Rg8 17.Rc1 g5 18.h4 gxh4 19.Qe1 Qc5+ 20.Qf2 Qh5 21.Be3 Qg6 22.Bd3 Nh5
23.Rfd1 e5 24.Bf1 Ng3 25.Kh2 Ke7 26.f4 Nxf1+ 27.Rxf1 Qg3+ 28.Qxg3 hxg3+ 29.Kh3
Nxc4 30.Bg1 Nd2 31.Rfd1 Nxe4 32.fxe5 dxe5 33.Re1 f5 {#R} 0-1

[Event "Olympiad (juniors) (under 16) (team)"]
[Site "masterchessopen.com Mersin (Turkey)"]
[Date "2008.08.20"]
[Round "6"]
[White "Zhou Yunfeng (CHN)"]
[Black "Emiroglu Cankut (TUR)"]
[Result "1-0"]
[WhiteElo "2130"]
[BlackElo "2101"]

1.e4 c5 2.Nf3 Nc6 3.d4 cxd4 4.Nxd4 g6 5.c4 Bg7 6.Nc2 Nf6 7.Nc3 d6 8.Be2 Be6
9.O-O Rc8 10.Bd2 O-O 11.Rb1 Nd7 12.Nd5 Nc5 13.f3 f5 14.b4 Nd7 15.b5 Nce5
16.Bg5 Nf6 17.Nd4 Nxd5 18.Nxe6 Qb6+ 19.Kh1 Nc3 20.Qb3 Nxb1 21.Nxf8 Kxf8
22.Qxb1 e6 23.exf5 exf5 24.Bf4 Nxc4 25.Rc1 d5 26.Qb4+ Kf7 27.Re1 Bf8 28.Qc3
Qa5 29.Qc1 Qxb5 30.Bxc4 dxc4 31.Re5 Rc5 32.Re1 Rd5 33.Bh6 Bb4 34.Rg1 Bc5
35.Re1 Bb4 36.Rg1 Be7 37.Re1 Bf6 38.Qa3 Qa5 39.Qf8# 1-0

[Event "Memorial Georgiev-Kesarovski (open)"]
[Site "masterchessopen.com Sunny Beach (Bulgaria)"]
[Date "2008.09.12"]
[Round "6"]
[White "Stankovic Milos (SRB)"]
[Black "Dinev Dejan (MKD)"]
[Result "0-1"]
[WhiteElo "2248"]
[BlackElo "2303"]

1.e4 c5 2.Nf3 Nc6 3.d4 cxd4 4.Nxd4 g6 5.c4 Bg7 6.Nc2 Nh6 7.Bd2 f5 8.Qc1 Ng4
9.h3 Nf6 10.exf5 O-O 11.fxg6 Ne4 12.gxh7+ Kh8 13.Be3 d5 14.Bd3 Ne5 15.Be2 dxc4
16.Nd4 Nd3+ 17.Bxd3 cxd3 18.Nb3 Bf5 19.N1d2 Rc8 20.Qd1 Rc2 21.O-O a5 22.Nxe4
Bxe4 23.Qh5 b6 24.Bh6 Bxh6 25.Qxh6 Bxg2 26.Rfd1 Rfxf2 27.Qe6 Kxh7 28.Re1 Bd5
29.Qxe7+ Qxe7 30.Rxe7+ Kg6 31.Rd7 Rg2+ 32.Kf1 Rcf2+ 33.Ke1 d2+ 34.Nxd2 Rxd2
35.Rd6+ Kf5 36.Rxb6 Rde2+ 37.Kf1 Bc4 38.Rc6 Ref2+ {#R} 0-1